000 00627nam a2200217 a 4500
999 _c3939
_d3939
001 3939
003 BD-JhCC
005 20221107134024.0
008 171119s1998 bg |||| |||| 000 0 ben d
035 _a(BD-JhCC)3939
040 _aBD-JhCC
_dBD-JhCC
041 _aben
082 _a891.443
_bAHA 1998
100 _aআহমেদ, হুমায়ূন
245 _aসে ও নর্তকী /
_cহুমায়ূন আহমেদ.
260 _aঢাকা :
_bদিব্য প্রকাশ,
_c1998.
300 _a108 p. :
_c21 cm.
650 _aBengali Novel
942 _2ddc
_cBK
_022